01129 a2200193 4500003000500000005001700005010001600022020002800038040000900066082001600075100001400091245003200105260004000137300009100177505047200268650003500740856008600775856007400861Nust20220802104742.0 a 97006616 a0124580106 (alk. paper) cNust00a620.367,NIN1 aLu, Ning,10aFractal imaging /cNing Lu. aSan Diego :bAcademic Press,c1997. axix, 412 p. :bill. (some col.) ;c24 cm. +e1 computer laser optical disc (4 3/4 in.) aIntroduction (Page-1), Mathematical Foundation (Page-15), Fractal Imaging Model (Page-51), Image Partition (Page-85), Spatial Transforms (Page-113), Brightness and Contrast (Page-139), Clustering Searching (Page-173), Fractal Realization (Page-205), Multiresolution Decomposition (Page-227), images in Motion (Page-259), Color Image (Page-277), Entropy Coding (Page-293), Visual Image Metric (Page-331), Future Image Format (Page-353), Epilogue: It's Real (Page-375). 0aTelecommunication Engineering.423Publisher descriptionuhttp://www.loc.gov/catdir/description/els032/97006616.html423Table of contentsuhttp://www.loc.gov/catdir/toc/els032/97006616.html